Biblioteca y Centro de Documentación

Texto refundido de la Ley de sociedades de capital (Registro nro. 51248)

Detalles MARC
000 -CABECERA
Longitud fija campo de control 01720nam a2200409 i 4500
001 - NÚMERO DE CONTROL
Número de control 51248
003 - IDENTIFICADOR DE NÚMERO DE CONTROL
Identificador del número de control ES-MaCES
005 - FECHA Y HORA DE LA ÚLTIMA TRANSACCIÓN
Fecha y hora de la última transacción 20221129140025.0
008 - CAMPO FIJO DE DESCRIPCIÓN FIJA--INFORMACIÓN GENERAL
Códigos de información de longitud fija   221129s2022 sp l o000 | spa d
017 ## - NÚMERO DE REGISTRO DE DERECHOS DE AUTOR Y DEPÓSITO LEGAL
Número de copyright o de depósito legal M 3082-2002
Agencia que asigna el número DL
020 ## - ISBN (INTERNATIONAL STANDARD BOOK NUMBER)
Número Internacional Normalizado para Libros (ISBN) 9788447611485
024 7# - OTROS IDENTIFICADORES
Número normalizado o código 137-22-099-9
Fuente del número o código nipo
024 7# - OTROS IDENTIFICADORES
Número normalizado o código 094-22-071-1
Fuente del número o código nipo
040 ## - FUENTE DE CATALOGACIÓN
Centro catalogador de origen ES-MaCES
Lengua de catalogación spa
Centro transcriptor ES-MaCES
110 1# - ENCABEZAMIENTO PRINCIPAL--NOMBRE CORPORATIVO
Nombre de entidad corporativa o nombre de jurisdicción como elemento inicial España
Título de la obra Real Decreto Legislativo por el que se aprueba el texto refundido de la Ley de sociedades de capital
Fecha del congreso o de la firma de un tratado 2010
9 (RLIN) 35587
245 10 - MENCIÓN DE TÍTULO
Título Texto refundido de la Ley de sociedades de capital
Resto del título : (actualización julio 2022)
250 ## - MENCIÓN DE EDICIÓN
Mención de edición 5ª ed
260 ## - PUBLICACIÓN, DISTRIBUCIÓN, ETC (PIE DE IMPRENTA)
Lugar de publicación, distribución, etc. [Madrid]
Nombre del editor, distribuidor, etc. Ministerio de Hacienda y Función Pública
260 ## - PUBLICACIÓN, DISTRIBUCIÓN, ETC (PIE DE IMPRENTA)
Nombre del editor, distribuidor, etc. Ministerio de Asuntos Económicos y Transformación Digital
Fecha de publicación, distribución, etc. 2022
300 ## - DESCRIPCIÓN FÍSICA
Extensión 299 p.
Dimensiones 17 cm
490 1# - MENCIÓN DE SERIE
Mención de serie Textos legales / separata del Boletín Oficial de los Ministerios de Hacienda y de Función Pública y de Asuntos Económicos y Transformación Digital
Designación de volumen o secuencia 10-2022
500 ## - NOTA GENERAL
Nota general Índices
541 ## - NOTA DE LA FUENTE INMEDIANTE DE ADQUISICIÓN
Forma de adquisición Gratuito
650 #4 - ASIENTO SECUNDARIO DE MATERIA--TÉRMINO DE MATERIA
Término de materia o nombre geográfico como elemento inicial sociedades
9 (RLIN) 30766
650 #4 - ASIENTO SECUNDARIO DE MATERIA--TÉRMINO DE MATERIA
Término de materia o nombre geográfico como elemento inicial capital
9 (RLIN) 28127
650 #4 - ASIENTO SECUNDARIO DE MATERIA--TÉRMINO DE MATERIA
Término de materia o nombre geográfico como elemento inicial ley de sociedades
9 (RLIN) 29867
650 #4 - ASIENTO SECUNDARIO DE MATERIA--TÉRMINO DE MATERIA
Término de materia o nombre geográfico como elemento inicial España
9 (RLIN) 26964
650 #4 - ASIENTO SECUNDARIO DE MATERIA--TÉRMINO DE MATERIA
Término de materia o nombre geográfico como elemento inicial legislación económica
9 (RLIN) 27161
650 #4 - ASIENTO SECUNDARIO DE MATERIA--TÉRMINO DE MATERIA
Término de materia o nombre geográfico como elemento inicial texto
9 (RLIN) 29624
653 10 - TÉRMINO DE INDEXACIÓN--NO CONTROLADO
Término no controlado Legislación
710 1# - ENCABEZAMIENTO SECUNDARIO--NOMBRE CORPORATIVO
9 (RLIN) 3245
Nombre de entidad o nombre de jurisdicción como elemento inicial España
Unidad subordinada Ministerio de Hacienda
Término indicativo de función ed.
710 1# - ENCABEZAMIENTO SECUNDARIO--NOMBRE CORPORATIVO
Nombre de entidad o nombre de jurisdicción como elemento inicial España
Unidad subordinada Ministerio de Economía y Empresa
Término indicativo de función ed.
9 (RLIN) 39396
775 0# - ENTRADA DE OTRA EDICIÓN
Título Texto refundido de la Ley de sociedades de capital
Número de control del registro relacionado (ES-MaCES)51248
830 #0 - ENCABEZAMIENTO SECUNDARIO DE COLECCIÓN--TÍTULO UNIFORME
Título uniforme Textos legales / separata del Boletín Oficial de los Ministerios de Hacienda y Función Pública y de Asuntos Económicos y Transformación Digital
Designación de volumen o secuencia 10-2022
9 (RLIN) 40158
902 ## - CES. TIPO DE DOCUMENTO
Tipodoc (006$c Sirtex) LIB Libro
942 ## - ELEMENTOS KOHA
Fuente de clasificaión o esquema Clasificación propia del CES
Koha [por defecto] tipo de item Monografías
Parte de clasificación Legislación
Existencias
Número de registro Signatura completa Tipo de item de Koha
091631 DPT-13941 Monografías
© CES, Consejo Económico y Social de España 2021